000 00312nam a22001097a 4500
040 _cRUA
082 _aCRC NEW 2011 C332 Or.
245 _aCambodian Red Cross,កាកបាទក្រហមកម្ពុជា
260 _aphnom penh
_brua
_c2011
300 _a64p.
_bill.
_c29cm.0125458856611854
942 _cREC
999 _c22032
_d22032